| 000 | 02273nam a2200241 a 4500 | ||
|---|---|---|---|
| 005 | 20260112063249.0 | ||
| 020 | _a9788178298603 (hard back) | ||
| 039 |
_a202111081250 _bstaff _c201206280209 _d staff _c201003242235 _d staff _y 201003242234 _z staff |
||
| 050 |
_a320.8080954 _bBAV |
||
| 082 |
_a320.8080954 _bBAV [ Shelf 18 ] |
||
| 245 |
_aInclusion and exclusion in local governance : _bfield studies from rural India / _cedited by B.S. Baviskar and George Mathew. |
||
| 260 |
_aNew Delhi ; _aThousand Oaks, Calif. : _bSAGE Publications, _c2008. |
||
| 300 |
_axiv, 453 p. : _bill. ; _c23 cm. |
||
| 504 | _aIncludes bibliographical references and index. | ||
| 505 | _aIncluding the excluded: empowering the powerless through panchayati raj in Maharashtra / B.S. Baviskar -- Power to the excluded groups and panchayati raj in coastal Orissa / B.B. Mohanty -- Negotiating with empowerment: panchayati raj in Andhra Pradesh / Vinod K Jairath and Srinivas Sajja -- Panchayati raj or party raj?: understanding the nature of local government in West Bengal / Manasendu Kundu -- On the floor and behind the veil: the excluded in the panchayati raj in Haryana / S.R. Ahlawat and Neerja Ahlawat -- Including the excluded through panchayati raj in Karnataka / B.S. Bhargava and K. Subha -- Understanding grassroots power and excluded communities in Kerala / T.G. Suresh -- Caste, party, and democratic decentralization in Karnataka / Lalita Chandrashekhar -- Gender, caste, and politics in rural Tamil Nadu / L. Thara Bhai -- Brushed under the carpet: inclusion and exclusion in Manipur / N. Vijaylakshmi Brara -- Changing power relations through panchayats in Maharashtra / R.B. Patil -- Dynamics of inclusion and exclusion in Uttar Pradesh / Santosh Singh -- Devolution of power through panchayats in Rajasthan / Shashi Bhushan Singh -- Local governance and social change in Gujarat / Satyakam Joshi. | ||
| 650 |
_aPanchayat _z India _v Case studies. |
||
| 650 |
_aPeople with social disabilities _x Political activity _z India _v Case studies. |
||
| 700 |
_aBaviskar, B. S. _q (Baburao Shravan), _d 1931- |
||
| 700 |
_aMathew, George, _d 1943- |
||
| 991 | _aVIRTUA40 | ||
| 991 | _aVTLSSORT0080*0200*0500*0820*2450*2600*3000*5040*5050*6500*6501*7000*7001*9992 | ||
| 909 | _a2406 | ||
| 999 |
_c2307 _d2307 |
||